| 000 | 00560nam a22002057a 4500 | ||
|---|---|---|---|
| 005 | 20231208102024.0 | ||
| 008 | 231201b |||||||| |||| 00| 0 eng d | ||
| 020 | _a0071375503 | ||
| 082 |
_a615.7 _bSHA |
||
| 100 | _aShargeel,Leon | ||
| 245 |
_aApplied biopharmaceutics & pharmacokinetics: _cShargel, Leon; Yu, Andrew B. C; Wu-Pong, Susanna, |
||
| 250 | _a5th ed. | ||
| 260 |
_aSingapore _bMcGraw-Hill _c2005 |
||
| 300 | _a892 | ||
| 500 | _aInclude Index | ||
| 650 | _aMedical | ||
| 700 | _aYu, Andrew B. C | ||
| 700 | _aWu-Pong, Susanna | ||
| 999 |
_c34745 _d34745 |
||